| 000 | 00459nam a22001817a 4500 | ||
|---|---|---|---|
| 999 |
_c526129 _d526129 |
||
| 003 | NUST | ||
| 005 | 20190709044027.0 | ||
| 008 | 190709b ||||| |||| 00| 0 eng d | ||
| 038 | _aWaseem | ||
| 082 |
_a891.439 _bPAK |
||
| 245 |
_aStudy Guide \ _cPakistan |
||
| 300 | _a478 p. : | ||
| 500 | _aPaper cover. | ||
| 710 |
_aAllama Iqbal _917094 |
||
| 880 |
_6100-01\r _aپاکستان |
||
| 880 |
_6245-02\r _aمطالعاتی رہنما / |
||
| 942 |
_2ddc _cBK |
||